Congrés Geologique International (Record no. 46580)

MARC details
000 -LEADER
campo de control de longitud fija 00581nam a2200169 i 4500
001 - NÚMERO DE CONTROL
campo de control 46580
003 - IDENTIFICADOR DE NÚMERO DE CONTROL
campo de control ES-MaACL
005 - FECHA Y HORA DE LA ÚLTIMA TRANSACCIÓN
campo de control 20230906161418.0
007 - CAMPO FIJO DE DESCRIPCIÓN FÍSICA--INFORMACIÓN GENERAL
campo de control de longitud fija t|
008 - DATOS DE LONGITUD FIJA--INFORMACIÓN GENERAL
campo de control de longitud fija 030331s1882 it ||||1| fre d
111 ## - ENTRADA PRINCIPAL--NOMBRE DE CONGRESO/REUNIÓN
Nombre de congreso/reunión o jurisdicción como elemento de entrada Congrés Géologique International (
Número del congreso/reunión o número de parte o sección 2º.
Fecha del congreso o de la firma del tratado 1881.
Sede del congreso/Lugar de la reunión Bologne)
9 (RLIN) 239
245 10 - MENCIÓN DEL TÍTULO
Título Congrés Geologique International
Resto del título : compte rendu de la 2ème session.
260 ## - PUBLICACIÓN, DISTRIBUCIÓN, ETC.
Lugar de publicación, distribución, etc. Bologna :
Nombre del editor, distribuidor, etc. [s.n.,
Fecha de publicación, distribución, etc. 1882] (
Fabricante Imp. Fava et Garagnant)
300 ## - DESCRIPCIÓN FÍSICA
Extensión XIV, 661 p., 16 lám. :
Otras características físicas il. ;
Dimensiones 25 cm.
650 #4 - PUNTO DE ACCESO ADICIONAL DE MATERIA--TÉRMINO DE MATERIA
Término de materia o nombre geográfico como elemento de entrada Geología-
Subdivisión de forma Congresos y asambleas.
9 (RLIN) 157312
852 ## - LOCALIZACIÓN
Ubicación ES-MaACL
Número de control de estantería G-1450
Holdings
Estatus retirado Estado de pérdida Estado de daño No para préstamo Colección Biblioteca de origen Biblioteca actual Ubicación en estantería Fecha de adquisición Fuente de adquisición Total de préstamos Signatura topográfica completa Código de barras Visto por última vez Precio de reemplazo Tipo de ítem Koha
        Libros del s. XIX Biblioteca del Ateneo de Madrid Biblioteca del Ateneo de Madrid Depósito 2 17/01/2008     G-1450 1048989 23/02/2023 23/02/2023 Libro impreso antiguo